Sciences - Décodeur - Statistiques

Statistiques générales
  • Ce quiz a été pris 52 132 fois
  • Le résultat moyen est 26 sur 41
Statistiques - réponses
Groupes Indices Réponses % Correct
Indices E H2O Eau
91%
Indices R Echelle associée à la magnitude d'un séisme Richter
91%
Indices S Liquide biologique vital de couleur rouge Sang
88%
Indices S Planète célèbre pour ses anneaux Saturne
86%
Indices S Il est causé par le VIH SIDA
86%
Indices N Composent les noyaux des atomes avec les protons Neutrons
85%
Indices N Cicatrice du cordon ombilical Nombril
85%
Indices E Elle permet de tracer des angles droits Equerre
84%
Indices E Particule chargée négativement Electron
83%
Indices C Couple à l'origine de la découverte du radium Curie
80%
Indices E Corps céleste rayonnant de sa propre lumière Etoile
80%
Indices N Substance provoquant la dépendance dans le tabac Nicotine
80%
Indices N Lien entre le cerveau et le reste du corps, sensitif ou moteur Nerf
79%
Indices F Os le plus long du corps humain Fémur
78%
Indices M Planète la plus proche du Soleil Mercure
78%
Indices E Physicien à l'origine de cette dernière Albert Einstein
76%
Indices O Spécialité médicale s'intéressant aux yeux Ophtalmologie
76%
Indices T Instrument associé à Galilée, permettant d'observer des objets célestes Télescope
76%
Indices P Ours trouvable à l'état naturel seulement en Chine Panda géant
75%
Indices A Unité de l'intensité électrique Ampère
74%
Indices E Peut être différentielle, du second degré, diophantienne,... Equation
69%
Indices O O3; forme une couche atmosphérique absorbant les ultra-violets Ozone
64%
Indices U Elément généralement utilisé pour la fission nucléaire Uranium
64%
Indices E Equation liée à la relativité restreinte E=mc2
63%
Indices D Lettre grecque associée à une différence Delta
62%
Indices N Signification du N dans ADN Nucléique
62%
Indices T Ce que mesure le volt Tension électrique
59%
Indices I Halogène de numéro atomique 53 et de symbole I Iode
56%
Indices R + ou -, associé au groupe sanguin Rhésus
56%
Indices S Implosion d'une étoile massive en fin de vie Supernova
55%
Indices R Ce qu'est le quotient à la division, la différence à la soustraction Résultat
52%
Indices R Fine membrane tapissant le fond de l'œil Rétine
51%
Indices R Ensemble de nombres entre rationnels et complexes Réels
49%
Indices I Sa longueur d'onde est comprise entre 750 nm et 1 mm Infrarouge
43%
Indices E Le jour et la nuit y ont la même durée Equinoxe
42%
Indices E Osselet, avec le marteau et l'étrier Enclume
34%
Indices R Plus lourd des gaz rares Radon
27%
Citation Rien ne se perd, rien ne se crée: tout se transforme.
27%
Indices E Branche de la zoologie s'intéressant aux insectes Entomologie
25%
Indices T Précède le Jurassique et le Crétacé Trias
22%
Indices E Seul mammifère ovipare avec l'ornithorynque Echidné
13%
Aucun quiz correspondant
Distribution des résultats
% des personnes avec chaque résultat
Percentile par nombre de réponses
Votre historique - résultats
Vous n’avez pas pris ce quiz